000 01444cam a22002054a 4500
005 20250605164223.0
008 250528s ||||||||||||||||||||||||d
035 _a20738
020 _a130158224
040 _aGR-AtMCL
_bgre
_dGR-AtMCL
_eAACR2
245 1 _aOptions, Futures, and Other Derivatives / Fourth Edition
250 _a4th
260 _bPrentice Hall International,
_c2000
300 _a700
520 _aThis manual contains worked-out solutions and answers to all end-of-chapter problems in the text. Preface, Introduction, Futures Markets and the Use of Futures for Hedging, Forward and Futures Prices, Interest Rates and Duration, Swaps, Options Markets, Properties of Stock Option Prices, Trading Strategies Involving Options, Introduction to Binomial Trees, Model of the Behavior of Stock Prices, The Black-Scholes Model, Options on Stock Indices and Currencies and Futures, The Greek Letters, Value at Risk, Estimating Volatilities and Correlations, Numerical Procedures, Volatility Smiles and Alternatives to Black - Scholes, Exotic Options, Extensions of the Theoretical Framework for Pricing Derivatives: Martingales and Measures, Interest Rate Derivatives: The Standard Market Models, Interest Rate Derivatives: Models of the Short Rate, Interest Rate Derivatives: More Advanced Models, Credit Risk, Author and Subject Index.
700 1 _aHull John C
_91630
942 _cBK
999 _c5822
_d5822